[Event "Challenge"]
[Site "http://www.queenalice.com/game.php?id=768410"]
[Date "2010.4.30"]
[Round "-"]
[White "montelo"]
[Black "pretinho"]
[Result "1-0"]
[WhiteElo "2119"]
[BlackElo "1378"]

1. e4 e5 2. Qh5 g6 3. Qxe5+ Qe7 4. Qxh8 Nc6 5. Qxg8 d5 6. d3 Ne5 7. Nc3 Bg4 8.
Nxd5 Qd6 9. Bf4 Nf3+ 10. gxf3 Bxf3 11. Nxf3 Qxf4 12. Nxf4 Rd8 13. Ne5 Rd6 14.
Qxf7+ Kd8 15. Ne6+ Kc8 16. Qxc7# 1-0

[Event "Challenge"]
[Site "http://www.queenalice.com/game.php?id=768411"]
[Date "2010.4.30"]
[Round "-"]
[White "pretinho"]
[Black "montelo"]
[Result "0-1"]
[WhiteElo "1378"]
[BlackElo "2120"]

1. e4 e5 2. Qf3 Nc6 3. Qxf7+ Kxf7 4. Bc4+ Ke8 5. Nf3 Qf6 6. O-O Qg6 7. Nc3 d6 8.
Nd5 Kd8 9. g3 Qxe4 10. Nxc7 Kxc7 11. d3 Qxf3 12. Bd5 Qxd5 13. f3 b6 14. Bd2 Bb7
15. Bc3 h5 16. Rae1 Bc8 17. f4 Bh3 18. Rf2 exf4 19. Bd2 Nd4 20. Ref1 Bxf1 21.
Kxf1 Nxc2 22. Rxf4 Qxd3+ 23. Kf2 Qxd2+ 24. Kf3 Nd4+ 25. Ke4 Nf6+ 26. Rxf6 gxf6
0-1

[Event "Goiabal Versus Manda Saia 2º Ro"]
[Site "http://www.queenalice.com/game.php?id=771123"]
[Date "2010.5.5"]
[Round "-"]
[White "reginaldoscarabelicandido"]
[Black "pretinho"]
[Result "1-0"]
[WhiteElo "1407"]
[BlackElo "1347"]

1. e4 e5 2. Qh5 Qf6 3. d3 Nh6 4. Bg5 Qxf2+ 5. Kxf2 Bb4 6. d4 d5 7. exd5 exd4 8.
d6 O-O 9. dxc7 Nf5 10. c3 dxc3 11. bxc3 Bc5+ 12. Ke1 Be3 13. cxb8=Q Rxb8 14.
Bxe3 b6 15. Bf4 Rb7 16. Ba6 Rb8 17. Bxb8 Bxa6 18. Qxf5 Rxb8 19. Ne2 Re8 20. Nd2
Rxe2+ 21. Kd1 Rxd2+ 22. Kxd2 b5 23. Rab1 b4 24. Kd1 Bc4 25. Qc8# 1-0

[Event "Let's Play Chess!"]
[Site "http://www.queenalice.com/game.php?id=777924"]
[Date "2010.5.19"]
[Round "-"]
[White "colatina"]
[Black "pretinho"]
[Result "1-0"]
[WhiteElo "1718"]
[BlackElo "1348"]

1. d4 d5 2. Nc3 Qd6 3. e4 Qe6 4. Bf4 Nh6 5. Qf3 Ng4 6. Nb5 Qxe4+ 7. Qxe4 dxe4 8.
Nxc7+ Kd8 9. h3 Nxf2 10. Kxf2 Na6 11. Nxa8 b5 12. Bxb5 1-0

[Event "Let's Play Chess!"]
[Site "http://www.queenalice.com/game.php?id=779932"]
[Date "2010.5.26"]
[Round "-"]
[White "pretinho"]
[Black "ArmandoAzevedo"]
[Result "0-1"]
[WhiteElo "1316"]
[BlackElo "2665"]

1. e4 c5 2. Qg4 Nc6 3. Ne2 d5 4. Nbc3 Bxg4 5. f3 Be6 6. b3 Nb4 7. Nxd5 Nxc2+ 8.
Kf2 Bxd5 9. Nf4 Bxe4 10. fxe4 Qd4+ 11. Ke2 Qxa1 12. Nd3 Qxa2 13. Nxc5 e6 14. g4
Bxc5 15. g5 Nd4+ 0-1

[Event "Challenge"]
[Site "http://www.queenalice.com/game.php?id=781688"]
[Date "2010.5.27"]
[Round "-"]
[White "montelo"]
[Black "pretinho"]
[Result "1-0"]
[WhiteElo "2124"]
[BlackElo "1316"]

1. e4 e5 2. Qh5 Qe7 3. Nc3 Nf6 4. Qf3 Qb4 5. d3 Qd6 6. Nb5 Qb6 7. d4 Bb4+ 8. c3
a6 9. dxe5 Bxc3+ 10. Qxc3 axb5 11. exf6 Qxf6 12. Qxc7 O-O 13. Bxb5 Ra5 14. Qxa5
Qe5 15. a4 Qxe4+ 16. Ne2 Re8 17. Bf4 Qxg2 18. O-O-O Rxe2 19. Qd8+ Re8 20. Qxe8#
1-0

[Event "Challenge"]
[Site "http://www.queenalice.com/game.php?id=781689"]
[Date "2010.5.27"]
[Round "-"]
[White "pretinho"]
[Black "montelo"]
[Result "0-1"]
[WhiteElo "1323"]
[BlackElo "2118"]

1. e4 e5 2. d4 c6 3. Nf3 f6 4. Qd3 Na6 5. Qe3 Nb4 6. Qd2 Nh6 7. Bc4 b5 8. Bb3
Na6 9. Qe2 g5 10. dxe5 g4 11. Nd4 fxe5 12. Qe3 exd4 13. Qxd4 Nf7 14. O-O Bd6 15.
a4 Be5 16. Qd3 Nc5 17. Qe3 Qc7 18. axb5 Bxh2+ 19. Kh1 Bf4 20. Qxf4 Qxf4 21. Bxf4
Nxe4 22. Re1 d5 23. Ra6 Bxa6 24. bxa6 O-O 25. c4 Nxf2+ 26. Kg1 Nd3 27. Bd6 Nxd6
28. cxd5 Nxe1 29. dxc6+ Kg7 30. Bd5 Rac8 31. Na3 Rf5 32. Be6 Rxc6 33. Bd7 Rxa6
34. Nb5 Rd5 35. Nc7 Raa5 36. Ne8+ Nxe8 37. Bxe8 Rd1 38. Bd7 Rxd7 39. Kf1 Ra1 40.
b4 Rd2 41. Kg1 Nf3# 0-1

[Event "Challenge"]
[Site "http://www.queenalice.com/game.php?id=785815"]
[Date "2010.6.5"]
[Round "-"]
[White "carlossaavedra"]
[Black "pretinho"]
[Result "1-0"]
[WhiteElo "1582"]
[BlackElo "1316"]

1. e4 e6 2. Nc3 Qf6 3. Nf3 Bc5 4. e5 Qh6 5. d4 Bb4 6. Bxh6 Bxc3+ 7. bxc3 Nxh6 8.
Bd3 Nf5 9. Bxf5 exf5 10. O-O O-O 11. Rb1 Nc6 12. Rb2 Na5 13. Qd3 d5 14. Qb5 Nc4
15. Rb4 Be6 16. Qxb7 Rfc8 17. Ng5 Bd7 18. Qxd5 Be6 19. Nxe6 Rf8 20. Nxf8 Rxf8
21. Qxc4 Rd8 22. Qxc7 Rf8 23. Rb8 f4 24. Rxf8+ Kxf8 25. Qd8# 1-0

[Event "Challenge"]
[Site "http://www.queenalice.com/game.php?id=794730"]
[Date "2010.6.25"]
[Round "-"]
[White "pretinho"]
[Black "mpbl2005"]
[Result "0-1"]
[WhiteElo "1331"]
[BlackElo "1223"]

1. e4 e5 2. Qh5 Nf6 3. Qxe5+ Qe7 4. Qa5 Ng4 5. Nf3 Qf6 6. Qxc7 h5 7. Qxc8+ Ke7
8. Bc4 Qb6 9. Bd5 Qxf2+ 10. Kd1 Qxg2 11. Bc4 Nf2+ 12. Ke1 Nxh1 13. d4 Qf2+ 14.
Kd1 Qxf3+ 15. Kd2 Nf2 16. b3 Nxe4+ 17. Ke1 Qf2+ 18. Kd1 Kd6 19. Qxb7 Rh6 0-1

[Event "AUTO-OPEN-2041"]
[Site "http://www.queenalice.com/game.php?id=803652"]
[Date "2010.7.15"]
[Round "1"]
[White "FOS2006"]
[Black "pretinho"]
[Result "1-0"]
[WhiteElo "1824"]
[BlackElo "1333"]

1. e4 e5 2. Nf3 Bd6 3. c3 Qg5 4. Nxg5 Be7 5. Nf3 Nf6 6. Qc2 Bc5 7. d4 exd4 8.
cxd4 Nxe4 9. Qxe4+ Kd8 10. dxc5 Nc6 11. Be2 d6 12. cxd6 cxd6 13. O-O Ne5 14.
Nxe5 Kc7 15. Nxf7 Rf8 16. Nc3 Rxf7 17. Qc4+ 1-0

[Event "AUTO-OPEN-2041"]
[Site "http://www.queenalice.com/game.php?id=803653"]
[Date "2010.7.15"]
[Round "1"]
[White "pretinho"]
[Black "FOS2006"]
[Result "0-1"]
[WhiteElo "1345"]
[BlackElo "1822"]

1. e3 e5 2. Qh5 Qf6 3. Bb5 g6 4. Qh3 c6 5. Ba4 d5 6. Qxc8+ Qd8 7. Qxb7 Nd7 8.
Bxc6 Nf6 9. Nf3 Bd6 10. Nc3 O-O 11. O-O Nc5 12. Qb3 Nxb3 13. Ng5 Nxa1 14. Bxd5
Nxd5 15. Nxd5 Nxc2 16. d4 Qxg5 17. dxe5 Qxe5 0-1

[Event "AUTO-OPEN-2041"]
[Site "http://www.queenalice.com/game.php?id=803680"]
[Date "2010.7.15"]
[Round "1"]
[White "rsvale"]
[Black "pretinho"]
[Result "1-0"]
[WhiteElo "1620"]
[BlackElo "1351"]

1. d4 d5 2. Bf4 Nc6 3. Nc3 Nxd4 4. Qxd4 Qd6 5. Bxd6 exd6 6. Nxd5 Bf5 7. Nxc7+
Kd7 8. Nxa8 Be7 9. O-O-O Nf6 10. Qa4+ Ke6 11. Nc7+ Ke5 12. Nf3# 1-0

[Event "AUTO-OPEN-2041"]
[Site "http://www.queenalice.com/game.php?id=803681"]
[Date "2010.7.15"]
[Round "1"]
[White "pretinho"]
[Black "rsvale"]
[Result "0-1"]
[WhiteElo "1311"]
[BlackElo "1393"]

1. e4 e5 2. Nf3 Nc6 3. d4 exd4 4. Bd2 Bb4 5. Bd3 d6 6. Na3 Bg4 7. O-O h5 8. Re1
Bxd2 9. Qxd2 Bxf3 10. gxf3 g5 11. Nb5 g4 12. Qf4 Qf6 13. Qg3 O-O-O 14. Nxa7+
Nxa7 15. fxg4 h4 16. Qh3 Kb8 17. Bc4 Nh6 18. Qb3 Nxg4 0-1

[Event "AUTO-OPEN-2041"]
[Site "http://www.queenalice.com/game.php?id=803698"]
[Date "2010.7.15"]
[Round "1"]
[White "geniolucio"]
[Black "pretinho"]
[Result "1-0"]
[WhiteElo "1770"]
[BlackElo "1351"]

1. e4 e5 2. Nf3 Qe7 3. Bc4 d6 4. h3 a5 5. O-O Qf6 6. d3 Qh6 7. Bxh6 gxh6 8. Nc3
Nc6 9. Nd5 Na7 10. Nxc7+ Kd8 11. Nxa8 Nf6 12. Nb6 Bd7 13. Nxd7 Kxd7 14. Bxf7 Ke7
15. Bd5 1-0

[Event "AUTO-OPEN-2041"]
[Site "http://www.queenalice.com/game.php?id=803699"]
[Date "2010.7.15"]
[Round "1"]
[White "pretinho"]
[Black "geniolucio"]
[Result "0-1"]
[WhiteElo "1349"]
[BlackElo "1772"]

1. e4 Nc6 2. Nh3 e6 3. Qh5 Nf6 4. Qf3 Be7 5. d3 h6 6. Nf4 O-O 7. d4 d5 8. exd5
exd5 9. Be3 Bg4 10. Qg3 Bd6 11. Nc3 Qd7 12. Ncxd5 Nxd5 13. Qxg4 Qxg4 14. Nxd5
Rae8 15. Bd3 Qxg2 16. Rf1 Qxh2 0-1

[Event "AUTO-INT-1758"]
[Site "http://www.queenalice.com/game.php?id=803823"]
[Date "2010.7.15"]
[Round "1"]
[White "marcelouco"]
[Black "pretinho"]
[Result "1-0"]
[WhiteElo "1632"]
[BlackElo "1341"]

1. e4 e5 2. Nf3 Nf6 3. Nxe5 Qe7 4. d4 Nxe4 5. Bd3 Qb4+ 6. Nc3 Qxd4 7. O-O Qxe5
8. Bxe4 Na6 9. Re1 Nb4 10. Bxb7 Bxb7 11. Rxe5+ Be7 12. Bg5 O-O 13. Bxe7 d6 14.
Rb5 Bc6 15. Bxf8 1-0

[Event "AUTO-INT-1758"]
[Site "http://www.queenalice.com/game.php?id=803824"]
[Date "2010.7.15"]
[Round "1"]
[White "pretinho"]
[Black "marcelouco"]
[Result "0-1"]
[WhiteElo "1337"]
[BlackElo "1636"]

1. e4 e5 2. Nf3 Nc6 3. d4 exd4 4. Bg5 f6 5. Bh4 g5 6. Bg3 b6 7. c3 dxc3 8. Nxc3
Bb4 9. Rc1 Bb7 10. Qd2 Qe7 11. a3 Bxc3 12. bxc3 Qxa3 13. Be2 O-O-O 14. O-O h5
0-1

[Event "AUTO-INT-1758"]
[Site "http://www.queenalice.com/game.php?id=803837"]
[Date "2010.7.15"]
[Round "1"]
[White "pretinho"]
[Black "Snoopy_GM"]
[Result "0-1"]
[WhiteElo "1343"]
[BlackElo "1693"]

1. e4 e5 2. Qh5 Nc6 3. Nc3 Nf6 4. Qxe5+ Nxe5 5. d4 Nc6 6. d5 Nd4 7. Bd3 Bb4 8.
a3 Bxc3+ 9. Kd1 Ba5 10. b4 Bb6 11. Be3 d6 12. Nh3 Bxh3 13. gxh3 Nf3 14. Ke2 Bxe3
15. fxe3 Ne5 16. Bb5+ c6 0-1

[Event "AUTO-INT-1758"]
[Site "http://www.queenalice.com/game.php?id=803838"]
[Date "2010.7.15"]
[Round "1"]
[White "Snoopy_GM"]
[Black "pretinho"]
[Result "1-0"]
[WhiteElo "1691"]
[BlackElo "1347"]

1. d4 e6 2. c4 Qf6 3. Nf3 Bb4+ 4. Bd2 Bd6 5. c5 Bf4 6. e3 Bxh2 7. Rxh2 Na6 8.
Bxa6 bxa6 9. Nc3 Nh6 10. e4 Ng4 11. Rh4 Nh6 12. Bxh6 gxh6 13. e5 Qf5 14. Qd2 1-0